000
00305nam a22001457a 4500
003
SGT
020
_a
9780199456550
082
_b
RAT
100
_a
RATNAM, C.S. VENKATA
245
_a
INDUSTRIAL RELATIONS
250
_a
2ND
260
_b
OXFORD UNIVERSITY PRESS
_c
2017
300
_a
592
942
_2
ddc
_c
BK
999
_c
16353
_d
16353